00852 2200313 4500001002100000005001500021035002000036007000300056040001600059043001900075100002000094245005100114250001900165300004200184020002200226041000800248082000800256090001900264264004000283336002100323337003000344338002300374650003300397850001000430008004100440990001900481990001900500990001900519INLIS00000000000439620260526114436 a0010-0122000028ta aSBUPADbind a.--Yogyakarta:0 aAndiePengarang1 acara jitu pengelolaan jaringan windows /cAndi a.-Ed 1, Cet 10 aviii, 152 hal. :biillus. ;c16x23 cm a978-979-29-1275-30 aind a005 a005 AND p L1-8 a.--Yogyakarta :bAndi Offset,c2019 2rdacontentaTeks 2rdamediaaTanpa Perantara 2rdacarrieraVolume 4apengelolaan jaringan windows aPUPAD260526 0  a13.243/Br/2010 a13.244/Br/2010 a13.245/Br/2010